Medicina Veterinaria y Zootecnia (Registro nro. 8294)

Detalles MARC
000 -CABECERA
Campo de control 00957nas a22002537a 4500
005 - FECHA Y HORA DE LA ULTIMA TRANSACCION
Campo de control 20170130143402.0
008 - ELEMENTOS DE LONGITUD FIJA—INFORMACION GENERAL
Campo de control 140314s2013 ck ad gr|||| 00| 0 spa d
022 ## - ISSN
ISSN 22159800
040 ## - FUENTE DE CATALOGACIÓN
Agencia catalogadora original CO-BoIAVH
Agencia transcriptora CO-BoIAVH
041 ## - IDIOMA
Código de idioma para texto/pista de sonido o título separado Español
044 ## - PAÍS DE PUBLICACIÓN
País de publicación Colombia
090 ## - CLASIFICACIÓN LOCAL
Colección SE
110 1# - ASIENTO PRINCIPAL--NOMBRE CORPORATIVO
Nombre corporativo o de jurisdicción como elemento de entrada Academia Colombiana de Ciencias Veterinarias
245 10 - MENCION DE TITULO
Título Medicina Veterinaria y Zootecnia
Mención de responsabilidad Órgano Informativo de la Academia Colombiana de Ciencias Veterinarias
246 #4 - FORMA VARIANTE DEL TITULO
Título propiamente dicho/forma breve del título Academia colombiana de ciencias veterinarias
260 3# - PUBLICACION, DISTRIBUCION, ETC. (PIE DE IMPRENTA)
Lugar de publicación, distribución, etc. Bogotá :
Nombre del editor, distribuidor, etc. Academia Colombiana de Ciencias Veterinarias,
Fecha de publicación, distribución, etc. 2013.
300 ## - DESCRIPCION FISICA
Otros detalles físicos il., tablas, gráficas
Dimensiones 27.5 cm
504 ## - NOTA DE BIBLIOGRAFIA, ETC.
Nota de bibliografía Incluye bibliografía al final de cada tema
650 #4 - ASIENTO SECUNDARIO DE MATERIA - TERMINO TEMATICO
Término temático o nombre geográfico como elemento de entrada Veterinaria
Subdivisión de forma Ensayo
Subdivisión general Zootecnia
Subdivisión geográfica Colombia
9 (RLIN) 78526
650 #4 - ASIENTO SECUNDARIO DE MATERIA - TERMINO TEMATICO
Término temático o nombre geográfico como elemento de entrada Veterinaria
Subdivisión de forma Crónicas
Subdivisión general Zootecnia
Subdivisión geográfica Colombia
9 (RLIN) 78527
650 #4 - ASIENTO SECUNDARIO DE MATERIA - TERMINO TEMATICO
Término temático o nombre geográfico como elemento de entrada Agronomía
Subdivisión geográfica Colombia
9 (RLIN) 78528
650 #4 - ASIENTO SECUNDARIO DE MATERIA - TERMINO TEMATICO
Término temático o nombre geográfico como elemento de entrada Ecología
Subdivisión general Biodiversidad
Subdivisión geográfica Colombia
9 (RLIN) 78529
942 ## - ELEMENTOS ADICIONALES (KOHA)
Sistema de clasificación Local
Tipo de ítem Periodica o revista
Serial record 1
Existencias
Withdrawn status Lost status Sistema de Clasificación Damaged status No para préstamo Colección Fecha publicación (Año) Volumen revista Número revista Inventariado Ubicación Permanente Ubicación actual Fecha de adquisición Datos de publicación Seriada Total Checkouts Número topográfico Inventario / Código de Barras Date last seen Ejemplar Price effective from Forma de adquisición Tipo de material
    Local     Hemeroteca 2012 3 1 Inventariado 2017 Bogotá Bogotá 30/01/2017 Vol 3, No 1   SE 029660 30/01/2017 Ej. 1 30/01/2017 Donación Periodica o revista
    Local     Hemeroteca 2013 4 1 Inventariado 2017 Bogotá Bogotá 30/01/2017 Vol 4, No 1   SE 059821 30/01/2017 Ej. 1 30/01/2017 Donación Periodica o revista
    Local     Hemeroteca 2014 4 3 Inventariado 2017 Bogotá Bogotá 30/01/2017 Vol 4, No 3   SE 039077 30/01/2017 Ej. 1 30/01/2017 Donación Periodica o revista
    Local     Hemeroteca 2014 4 2 Inventariado 2017 Bogotá Bogotá 30/01/2017 Vol 4, No 2   SE 038584 30/01/2017 Ej. 1 30/01/2017 Donación Periodica o revista